000 00461nam a2200169Ia 4500
008 090711s9999 xx 000 0 und d
082 _b43905
100 _aमेहता शशिकला
245 _aअनुराधा
260 _c1981
300 _a110
600 _aमेहता शशिकला
630 _aअनुराधा
700 _aमेहता शशिकला
730 _aअनुराधा
942 _cBOOK
999 _c296119
_d296119